GLOBAL ECONOMIC PROSPECTS : ECONOMIC IMPLICATIONS OF REMITTANCES AND MIGRATION; 2006. (Record no. 15604)
[ view plain ]
| 000 -LEADER | |
|---|---|
| fixed length control field | 00334nam a2200109z 4500 |
| 020 ## - INTERNATIONAL STANDARD BOOK NUMBER | |
| ISBN | 0821363441 |
| 040 ## - CATALOGING SOURCE | |
| Transcribing agency | DDC |
| 082 ## - DEWEY DECIMAL CLASSIFICATION NUMBER | |
| Classification number | 330 WOR 2006 A077 Or. |
| 245 00 - TITLE STATEMENT | |
| Title | GLOBAL ECONOMIC PROSPECTS : ECONOMIC IMPLICATIONS OF REMITTANCES AND MIGRATION; 2006. |
| 490 0# - SERIES STATEMENT | |
| Series statement | GLOBAL ECONOMIC PROSPECTS AND THE DEVELOPING COUNTRIES ; |
| 942 ## - ADDED ENTRY ELEMENTS (KOHA) | |
| Koha item type | សៀវភៅភាសាអង់គ្លេស |
| 952 ## - LOCATION AND ITEM INFORMATION (KOHA) | |
| Withdrawn status [LOCAL, KOHA] | 0 |
| Permanent Location | Date acquired | Koha item type | Lost status | Shelving location | Barcode | Current Location | Full call number |
|---|---|---|---|---|---|---|---|
| Library Block A | 2017-12-04 | សៀវភៅភាសាអង់គ្លេស | A077 | A07746 | Library Block A | 330 WOR 2006 A077 Or. |